The mirror of the artist : (Record no. 5863)

MARC details
000 -LEADER
fixed length control field 01537cam a2200385 a 4500
001 - CONTROL NUMBER
control field 3489599
005 - DATE AND TIME OF LATEST TRANSACTION
control field 20260429135523.0
008 - FIXED-LENGTH DATA ELEMENTS--GENERAL INFORMATION
fixed length control field 941216s1995 nyuab b 001 0 eng
035 ## - SYSTEM CONTROL NUMBER
System control number 3489599
010 ## - LIBRARY OF CONGRESS CONTROL NUMBER
LC control number 94048786
020 ## - INTERNATIONAL STANDARD BOOK NUMBER
International Standard Book Number 0810927284
020 ## - INTERNATIONAL STANDARD BOOK NUMBER
International Standard Book Number 9780810927285
035 ## - SYSTEM CONTROL NUMBER
-- (DLC) 94048786
040 ## - CATALOGING SOURCE
Original cataloging agency DLC
Transcribing agency DLC
Modifying agency DLC
043 ## - GEOGRAPHIC AREA CODE
Geographic area code en-----
050 00 - LIBRARY OF CONGRESS CALL NUMBER
Classification number N6370
Item number .H26 1995
082 00 - DEWEY DECIMAL CLASSIFICATION NUMBER
Classification number 709/.02/4
Edition number 20
100 1# - MAIN ENTRY--PERSONAL NAME
Personal name Harbison, Craig.
9 (RLIN) 15823
245 14 - TITLE STATEMENT
Title The mirror of the artist :
Remainder of title northern Renaissance art in its historical context /
Statement of responsibility, etc. Craig Harbison.
260 ## - PUBLICATION, DISTRIBUTION, ETC.
Place of publication, distribution, etc. New York, N.Y. :
Name of publisher, distributor, etc. Harry N. Abrams Inc., Publishers,
Date of publication, distribution, etc. 1995.
300 ## - PHYSICAL DESCRIPTION
Extent 176 p. :
Other physical details ill. (chiefly col.), map ;
Dimensions 24 cm.
336 ## - CONTENT TYPE
Content type term text
Content type code txt
Source rdacontent
337 ## - MEDIA TYPE
Media type term unmediated
Media type code n
Source rdamedia
338 ## - CARRIER TYPE
Carrier type term volume
Carrier type code nc
Source rdacarrier
490 1# - SERIES STATEMENT
Series statement Perspectives
504 ## - BIBLIOGRAPHY, ETC. NOTE
Bibliography, etc. note Includes bibliographical references (p. 170-172) and index.
650 #0 - SUBJECT ADDED ENTRY--TOPICAL TERM
Topical term or geographic name entry element Art, Renaissance
Geographic subdivision Europe, Northern.
9 (RLIN) 15824
650 #0 - SUBJECT ADDED ENTRY--TOPICAL TERM
Topical term or geographic name entry element Art, European.
9 (RLIN) 12596
830 #0 - SERIES ADDED ENTRY--UNIFORM TITLE
Uniform title Perspectives (Harry N. Abrams, Inc.)
9 (RLIN) 15825
906 ## - LOCAL DATA ELEMENT F, LDF (RLIN)
a 7
b cbc
c orignew
d 1
e ocip
f 19
g y-gencatlg
920 ## -
-- ** LC HAS REQ'D # OF SHELF COPIES **
991 ## -
-- c-GenColl
-- N6370
-- .H26 1995
-- 00033880157
-- Copy 1
-- BOOKS
999 ff - SYSTEM CONTROL NUMBERS (KOHA)
-- d8c6f107-3bc6-534c-a248-db8539d408a4
-- c8162614-6016-4d45-9609-e6633449d2f9

No items available.